000 00589nam a2200217Ia 4500
003 GCL
008 140319s9999 xx 000 0 eng d
040 _aGCL /
_cGCL
082 0 4 _a670.427
_bW A
100 1 _aOKACHA, SAROITE
245 1 0 _aMANUFACTURING SYSTEMS DESIGN AND ANALYSIS /
_cOKACHA, SAROITE
700 1 _aBABIC, GORDANA
700 1 _aXIANYI, YONG
260 _a[S.N] :
_bMACMILLAN PUBLISHING COMPANY ،
_c1992
300 _a421 P
650 0 4 _aANALYSIS
650 0 4 _aSYSTEM ANALYSIS
650 0 4 _aSYSTEM ENGINEERING
650 0 4 _aANALYSIS OF ENERGY
942 _2ddc
_cBK
999 _c17791
_d17791